Представление документа в формате RUSMARC

ПолеНазваниеЗначение
  Тип записи a
  Библиографический уровень m
001 Контрольный номер RU/SLIB/B/208727260
005 Дата корректировки 20241122163415.9
010 Индекс ISBN __
d Цена 1-40
101 Язык документа 0_
a Язык текста rus
c Язык оригинала rus
200 Заглавие и сведения об ответственности 1_
a Заглавие Дипломатия Авраама Линкольна
f Первые сведения об ответственности Иванов Р. Ф.
b Общее обозначение материала Текст
210 Выходные данные 1_
a Место издания М.
c Издательство Междунар. отношения
d Дата издания 1987
215 Физическое описание __
a Объем 301 с.
330 Аннотация __
a Аннотация О выдающемся политическом деятеле США, президенте А. Линкольне (1809-1865). Показана его роль в решении важнейших внешнеполитических проблем в годы гражданской войны 1861-1865 гг., предотвращение вооруженного вмешательства Франции, Испании, Англии во внутренние дела США.
600 Персоналии _1
a Персоналии (Фамилия) Линкольн, А.
606 Тематические рубрики __
a Основная рубрика История
z Хронологическая подрубрика 1809-1865 гг.; 19 в.
y Географическая подрубрика США; Россия; Франция; Испания; Англия
606 Тематические рубрики __
a Основная рубрика Америка в кон. XV в. - 1918 г.
610 Ключевые слова 0_
a Ключевые слова политические деятели; президенты; вооруженное вмешательство; Гражданская война; войны; персоналии
686 Индексы других классификаций __
a Классификационный индекс 63.3(7Сое)5-8
700 Автор _1
a Фамилия Иванов
b Имя Р. Ф.
4 Код отношения 070
801 Источник записи _0
a Страна RU
b Организация Муниципальное бюджетное учреждение культуры "Централизованная библиотечная система" г. Сургут (Центральная городская библиотека им. А. С. Пушкина)
g Правила каталогизации КиК/Уланова
801 Источник записи _1
a Страна RU
b Организация Муниципальное бюджетное учреждение культуры "Централизованная библиотечная система" г. Сургут (Центральная городская библиотека им. А. С. Пушкина)
g Правила каталогизации КиК/Уланова
852 Данные о местонахождении __
j Шифр хранения 63.3(7Сое)5-8
i Авторский знак И 20
p Инвентарный номер 33756
901 Тип документа __
t Тип документа m
990 Данные о заказе (DOS) __
j Количество экземпляров (DOS) 1
t N записи в КСУ для И/У (DOS) 199101